Business statistics : concepts and applications

Αποθηκεύτηκε σε:
Λεπτομέρειες βιβλιογραφικής εγγραφής
Κύριος συγγραφέας: Stevenson, William J.
Μορφή: Βιβλίο
Γλώσσα:English
Δημοσίευση: New York : Harper & Row, c1985
Έκδοση:2nd ed.
Θέματα:
Ετικέτες: Προσθήκη ετικέτας
Δεν υπάρχουν, Καταχωρήστε ετικέτα πρώτοι!

MARC

LEADER 00000cam a2200000 i 4500
001 1/30684
008 950808s1985 eng d
020 |a 0060464429 
035 |l 10023445 
040 |a GR-MY-UA  |b gre  |e aacr 
041 0 |a eng 
082 0 |a 519.5024658 
100 1 |a Stevenson, William J. 
245 1 0 |a Business statistics :  |b concepts and applications /  |c William J. Stevenson 
250 |a 2nd ed. 
260 |a New York :   |b Harper & Row,   |c c1985 
300 |a xvii, 637 p.;  |b ill.;  |c 25 cm 
500 |a Includes index 
650 0 0 |a Social sciences  |x Statistical methods. 
650 0 0 |a Statistics. 
650 0 0 |a Commercial statistics. 
650 0 0 |a Economics  |x Statistical methods. 
852 |a INST  |b CHIOS  |e 19950808  |h 519.5024658 STE  |p 005200001306  |q 005200001306  |t BK  |y 0 
909 |a Χ  |b 013388